Statistics for Pokémon with 4x weakness to Water

Click here to take the quiz!

General Stats

  • This quiz has been taken 68 times
    (41 since last reset)
  • The average score is 14 of 16

Answer Stats

GenAnswer% Correct
IIICamerupt
100%
VICamerupt (Mega)
100%
IGeodude
100%
IGolem
100%
IGraveler
100%
IIINumel
100%
IOnix
100%
IRhydon
96%
IRhyhorn
96%
IVRhyperior
91%
IIMagcargo
87%
IILarvitar
78%
IIPupitar
78%
VIIICoalossal
74%
VIIICarkol
70%
VIGroudon (Primal)
43%

Score Distribution

Percentile by Number Answered

Percent of People with Each Score

Your Score History

You have not taken this quiz since the last reset